[Event "Al-Ain Classic Open A 2013"]
[Site "Al-Ain UAE"]
[Date "2013.12.27"]
[Round "8.46"]
[White "Laabi Chian, Majid"]
[Black "Ayyad, Husain"]
[Result "0-1"]
[BlackTitle "FM"]
[WhiteElo "2092"]
[BlackElo "2191"]
[WhiteFideId "12500224"]
[BlackFideId "11200243"]
[EventDate "2013.12.19"]

1. d4 Nf6 2. Nf3 e6 3. Bf4 b6 4. e3 Bb7 5. Bd3 g6 6. Qe2 d6 7. O-O Nbd7 8. e4
Bg7 9. Nbd2 h6 10. c3 O-O 11. h3 e5 12. dxe5 Nh5 13. Be3 dxe5 14. Ba6 Qc8 15.
Bxb7 Qxb7 16. Ne1 Rfd8 17. g4 Nf4 18. Bxf4 exf4 19. Nd3 g5 20. Rfd1 Re8 21. f3
Nf8 22. Nc4 Ng6 23. Rd2 Nh4 24. Rad1 b5 25. Na3 f5 26. Nf2 fxe4 27. fxe4 a6 28.
Nc2 c5 29. Ne1 Qf7 30. Rd5 f3 31. Qe3 Bd4 32. Rxg5+ hxg5 33. Qxg5+ Bg7 34. Qxh4
c4 35. g5 Rad8 36. Rxd8 Rxd8 37. Qg4 b4 38. g6 Qf6 39. Qh5 Rd6 40. Qc5 Qxg6+ 41.
Kf1 bxc3 42. bxc3 Kh7 43. Nxf3 Rf6 44. Ke2 Qg3 45. Qh5+ Kg8 46. e5 Rf8 47. Ne4
Qg2+ 48. Ke3 Rxf3+ 49. Qxf3 Bh6+ 50. Ng5 Bxg5+ 51. Ke4 Qxf3+ 52. Kxf3 Bd2 53.
Ke4 Bxc3 54. Kd5 Bxe5 55. Kxc4 Kf7 56. Kb4 Bc7 57. Kc5 a5 58. a4 Ke6 59. Kb5 Kf5 0-1

[Event "Al-Ain Classic Open A 2013"]
[Site "Al-Ain UAE"]
[Date "2013.12.27"]
[Round "8.47"]
[White "Khadzh Khamed, Naser"]
[Black "Bakalar, Jan"]
[Result "0-1"]
[WhiteElo "2022"]
[BlackElo "2033"]
[WhiteFideId "14118920"]
[BlackFideId "14901978"]
[EventDate "2013.12.19"]

1. e4 c5 2. Nf3 e6 3. d4 cxd4 4. Nxd4 a6 5. c4 Qc7 6. a3 Nf6 7. Nc3 Nxe4 8. Nxe4
Qe5 9. Bd3 Qxd4 10. O-O f5 11. Ng5 Nc6 12. Be3 Qxb2 13. Re1 Qf6 14. g4 h6 15.
Nh3 g6 16. Nf4 Bg7 17. Rb1 O-O 18. c5 Ne5 19. h3 Nxd3 20. Qxd3 Kh7 21. Rb3 a5
22. Rd1 Ra6 23. Qc4 fxg4 24. hxg4 e5 25. Ne2 d5 26. Rxd5 Be6 27. Rxb7 Bxd5 28.
Qxd5 Rd8 29. Qe4 Rd1+ 30. Kg2 Qc6 31. Qxc6 Rxc6 32. Ra7 Re1 33. Kf3 Rf6+ 34. Ke4
Rxe2 35. Kd3 Rb2 36. Rxa5 g5 37. Ra7 Kg6 38. a4 Rb8 39. Ke4 Rff8 40. c6 Ra8 41.
Kd5 Rxa7 42. Bxa7 e4 43. c7 Be5 44. Kc6 Rf6+ 45. Kb7 Bxc7 46. Kxc7 Ra6 47. Be3
Rxa4 48. Kd6 Ra1 49. Ke5 Rg1 50. Kxe4 Rxg4+ 51. Kf3 Ra4 52. Kg2 Kf5 53. Bc5 h5
54. Be7 Ra2 55. Bd8 Kg4 56. Be7 h4 57. Bc5 Kh5 58. Bb6 g4 59. Kg1 Kg6 60. Bd8 h3 0-1

[Event "Al-Ain Classic Open A 2013"]
[Site "Al-Ain UAE"]
[Date "2013.12.28"]
[Round "9.3"]
[White "Amin, Bassem"]
[Black "Oleksienko, Mikhailo"]
[Result "1/2-1/2"]
[WhiteTitle "GM"]
[BlackTitle "GM"]
[WhiteElo "2654"]
[BlackElo "2622"]
[WhiteFideId "10601457"]
[BlackFideId "4152417"]
[EventDate "2013.12.19"]

1. e4 e5 2. Nf3 Nc6 3. d4 exd4 4. Nxd4 Bc5 5. Nb3 Bb6 6. Nc3 Nf6 7. Qe2 d6 8.
Be3 Qe7 9. f3 Be6 10. O-O-O O-O-O 11. Kb1 Bxe3 12. Qxe3 Bxb3 13. axb3 d5 14. Qg5
dxe4 15. Bb5 Nd4 16. fxe4 Ne6 17. Qf5 c6 18. Bc4 Rxd1+ 19. Rxd1 Nd7 20. Bxe6
Qxe6 21. Qxe6 fxe6 22. Rf1 Ne5 23. Kc1 Rd8 24. h3 Kc7 25. Rf2 b5 26. Nb1 Rd3 27.
Re2 Rg3 28. Nd2 Kd6 29. Nf1 Rg6 30. Kd2 Rf6 31. Nh2 a5 32. Ke3 a4 33. bxa4 bxa4
34. b3 a3 35. c3 Rf7 36. Ra2 Ra7 37. Nf1 Kc5 38. Nd2 Rd7 39. Ke2 Rd3 40. Nf3
Rxc3 41. Nxe5 Kb4 42. Kd2 Rg3 43. Nd3+ Kxb3 44. Nc1+ Kb4 45. Kd1 c5 46. Rd2 c4
47. Kc2 Rc3+ 48. Kb1 Re3 49. Rd7 Rg3 50. Rd2 h5 51. Rd6 Rxg2 52. Rxe6 Kc5 53.
Re5+ Kd4 54. Rxh5 Rb2+ 1/2-1/2

[Event "Al-Ain Classic Open A 2013"]
[Site "Al-Ain UAE"]
[Date "2013.12.28"]
[Round "9.4"]
[White "Iordachescu, Viorel"]
[Black "Gopal, G.N."]
[Result "1/2-1/2"]
[WhiteTitle "GM"]
[BlackTitle "GM"]
[WhiteElo "2614"]
[BlackElo "2540"]
[WhiteFideId "13900200"]
[BlackFideId "5015693"]
[EventDate "2013.12.19"]

1. e4 c5 2. Nf3 e6 3. d3 Nc6 4. g3 g6 5. Bg5 Qc7 6. Bg2 Bg7 7. c3 Nge7 8. O-O
O-O 9. Re1 e5 10. d4 exd4 11. cxd4 cxd4 12. Na3 d5 13. Rc1 dxe4 14. Nxd4 Qa5 15.
Bxe7 Nxe7 16. Rxe4 Nf5 17. Nb3 Qd8 18. Re2 Rb8 19. Nb5 Qxd1+ 20. Rxd1 Be6 21.
Red2 Bh6 22. Rc2 Rfd8 23. Rxd8+ Rxd8 24. Bxb7 Nd6 25. Nxd6 Rxd6 26. Kg2 Bxb3 27.
axb3 Rd2 28. Rc8+ Kg7 29. Kf1 Bg5 30. Ba6 Bd8 31. g4 Bb6 32. Be2 Rxb2 33. Rc3
Rb1+ 34. Kg2 Rb2 35. Kf1 Rd2 36. Rf3 Rd7 1/2-1/2

[Event "Al-Ain Classic Open A 2013"]
[Site "Al-Ain UAE"]
[Date "2013.12.28"]
[Round "9.5"]
[White "Vovk, Andrey"]
[Black "Salem, A.R. Saleh"]
[Result "1-0"]
[WhiteTitle "GM"]
[BlackTitle "GM"]
[WhiteElo "2599"]
[BlackElo "2564"]
[WhiteFideId "14114470"]
[BlackFideId "9301348"]
[EventDate "2013.12.19"]

1. e4 c6 2. d4 d5 3. Nc3 dxe4 4. Nxe4 Bf5 5. Ng3 Bg6 6. Nh3 e6 7. Nf4 Qh4 8.
Nge2 Nd7 9. g3 Qd8 10. Bg2 Ngf6 11. Nxg6 hxg6 12. O-O Qa5 13. c4 O-O-O 14. h3 e5
15. a3 exd4 16. Bf4 Ne5 17. b4 Qc7 18. Nxd4 Nh5 19. Bxe5 Qxe5 20. Nf3 Qf6 21.
Qa4 Kb8 22. c5 Be7 23. Rae1 Rd5 24. Re2 Bd8 25. Rfe1 Bc7 26. Nd2 Nxg3 27. fxg3
Bxg3 28. Ne4 Qd4+ 29. Nf2 Re5 30. Qd1 Bxf2+ 31. Rxf2 Rd8 32. Qc1 f6 33. Rxe5
fxe5 34. Qb2 Qe3 35. Qe2 Qg5 36. Rf7 a6 37. Qf3 Rd5 38. Kh2 1-0

[Event "Al-Ain Classic Open A 2013"]
[Site "Al-Ain UAE"]
[Date "2013.12.28"]
[Round "9.6"]
[White "Baryshpolets, Andrey"]
[Black "Hovhannisyan, Robert"]
[Result "1-0"]
[WhiteTitle "GM"]
[BlackTitle "GM"]
[WhiteElo "2557"]
[BlackElo "2597"]
[WhiteFideId "14117207"]
[BlackFideId "13302507"]
[EventDate "2013.12.19"]

1. d4 d5 2. c4 c6 3. Nf3 Nf6 4. Qc2 dxc4 5. Qxc4 Bf5 6. g3 g6 7. Bg2 Bg7 8. O-O
O-O 9. Nc3 Nbd7 10. Re1 Ne4 11. Nh4 Nb6 12. Qb3 Be6 13. Qc2 Nd6 14. Rd1 a6 15.
Nf3 h6 16. h3 Qc8 17. Kh2 Rd8 18. e4 Nb5 19. Ne2 a5 20. a4 Nc7 21. Bd2 g5 22.
Ne5 f6 23. Nd3 Bf7 24. Bc3 Kh8 25. f4 Nc4 26. Qc1 Nd6 27. g4 Bg8 28. Ng3 Qb8 29.
Kh1 Ne6 30. e5 gxf4 31. Nxf4 Nxf4 32. Qxf4 fxe5 33. dxe5 Rf8 34. Qc1 Nf7 35. Nf5
Bxe5 36. Nxe7 Bh7 37. Rf1 Qc7 38. Nf5 h5 39. Qf4 Rae8 40. Nh6 Nxh6 41. Bxe5+
Qxe5 42. Qxe5+ Rxe5 43. Rxf8+ Kg7 44. Rb8 hxg4 45. Rxb7+ Kh8 46. hxg4 Nxg4 47.
Kg1 c5 48. Rd1 Bg8 49. Bf3 Nf6 50. Kf2 Rf5 51. Rh1+ Bh7 52. Ke3 Re5+ 53. Kd2 Kg8
54. Rg1+ Kh8 55. Rb8+ Bg8 56. Rg6 Rf5 57. Rxf6 Rxf6 58. Bd5 1-0

[Event "Al-Ain Classic Open A 2013"]
[Site "Al-Ain UAE"]
[Date "2013.12.28"]
[Round "9.7"]
[White "Babujian, Levon"]
[Black "Ipatov, Alexander"]
[Result "1-0"]
[WhiteTitle "GM"]
[BlackTitle "GM"]
[WhiteElo "2512"]
[BlackElo "2635"]
[WhiteFideId "13301993"]
[BlackFideId "14116731"]
[EventDate "2013.12.19"]

1. d4 Nf6 2. c4 g6 3. Nc3 Bg7 4. e4 O-O 5. Nf3 d6 6. h3 Na6 7. g4 c6 8. Be3 e5
9. d5 Bd7 10. Nd2 Nc7 11. Be2 cxd5 12. cxd5 b5 13. a3 a5 14. b4 h5 15. bxa5 Rxa5
16. gxh5 Nxh5 17. Bxh5 gxh5 18. Rg1 Ne8 19. Nb3 Ra8 20. Qxh5 b4 21. axb4 Rxa1+
22. Nxa1 f5 23. Nc2 Qc7 24. Bd2 Qc4 25. Ne3 Qxb4 26. exf5 Nf6 27. Qh6 Rf7 28.
Rxg7+ Rxg7 29. Qxf6 Rg1+ 30. Ke2 Bb5+ 31. Nxb5 Qxb5+ 32. Kf3 Qd3 33. Qe6+ Kh7
34. Qe7+ Rg7 35. Qh4+ Kg8 36. Bb4 Qb1 37. Bxd6 e4+ 38. Kf4 Qh1 39. Ke5 Qa1+ 40.
Kf4 Qh1 41. Qd8+ Kh7 42. Ng4 Rf7 43. Qh4+ 1-0

[Event "Al-Ain Classic Open A 2013"]
[Site "Al-Ain UAE"]
[Date "2013.12.28"]
[Round "9.8"]
[White "Filippov, Anton UZB"]
[Black "Barsov, Alexei"]
[Result "1-0"]
[WhiteTitle "GM"]
[BlackTitle "GM"]
[WhiteElo "2634"]
[BlackElo "2527"]
[WhiteFideId "14200988"]
[BlackFideId "14200082"]
[EventDate "2013.12.19"]

1. e4 e6 2. d4 d5 3. Nc3 Bb4 4. exd5 exd5 5. Bd3 c6 6. Ne2 Ne7 7. Ng3 O-O 8. O-O
Nd7 9. Bg5 f6 10. Be3 Rf7 11. Nce2 Nf8 12. c3 Bd6 13. Bf4 a5 14. Qd2 b6 15. Rae1
Ba6 16. Bxa6 Rxa6 17. Bxd6 Qxd6 18. Nf4 Qd7 19. Re2 Nc8 20. Rfe1 Nd6 21. a4 Ra8
22. Qd3 f5 23. h4 Ng6 24. Nxg6 hxg6 25. Nf1 Qd8 26. Qh3 g5 27. hxg5 Qxg5 28. Re6
Rf6 29. Qg3 Qxg3 30. Nxg3 Kf7 31. Re7+ Kg6 32. Ne2 f4 33. Nc1 f3 34. Nd3 Nc4 35.
Rc7 fxg2 36. Kxg2 Rh8 37. b3 Nd2 38. Re2 Ne4 39. Rc2 Rf5 40. Ne5+ Kh7 41. f3
Rg5+ 42. Kf1 c5 43. Ke1 Rg1+ 44. Ke2 Rg2+ 45. Kd1 1-0

[Event "Al-Ain Classic Open A 2013"]
[Site "Al-Ain UAE"]
[Date "2013.12.28"]
[Round "9.9"]
[White "Miroshnichenko, Evgenij"]
[Black "Andreev, Eduard UKR"]
[Result "1-0"]
[WhiteTitle "GM"]
[BlackTitle "GM"]
[WhiteElo "2626"]
[BlackElo "2508"]
[WhiteFideId "14102595"]
[BlackFideId "14103400"]
[EventDate "2013.12.19"]

1. d4 Nf6 2. Nf3 e6 3. c4 Bb4+ 4. Nbd2 O-O 5. a3 Be7 6. e4 d5 7. e5 Nfd7 8. Bd3
c5 9. h4 g6 10. h5 cxd4 11. cxd5 Nc5 12. Bb1 exd5 13. b4 Ne6 14. Nb3 Nc6 15. Qd2
Nxe5 16. Nxe5 Bg5 17. Qb2 Bxc1 18. Qxc1 Qf6 19. Nd3 Bd7 20. Qh6 Rfe8 21. hxg6
Ng5+ 22. Kf1 fxg6 23. f4 Nf7 24. Qxh7+ Kf8 25. Qh4 Qc6 26. Nxd4 1-0

[Event "Al-Ain Classic Open A 2013"]
[Site "Al-Ain UAE"]
[Date "2013.12.28"]
[Round "9.10"]
[White "Pashikian, Arman"]
[Black "Mirzoev, Azer"]
[Result "1/2-1/2"]
[WhiteTitle "GM"]
[BlackTitle "GM"]
[WhiteElo "2617"]
[BlackElo "2518"]
[WhiteFideId "13301578"]
[BlackFideId "13400304"]
[EventDate "2013.12.19"]

1. d4 d5 2. c4 c6 3. cxd5 cxd5 4. Bf4 Qb6 5. Nc3 e6 6. Qc2 Nc6 7. e3 Bd7 8. Nf3
Nf6 9. h3 Be7 10. Be2 O-O 11. O-O Rfc8 12. Rfc1 Qd8 13. a3 Be8 14. b4 Bd6 15.
Bxd6 Qxd6 16. Qb2 Qd8 17. Rc2 Ne7 18. Bd3 Rc7 19. Rac1 Rac8 20. Ne5 h6 21. g4
Nd7 22. Ne2 Nf8 23. Rxc7 1/2-1/2

[Event "Al-Ain Classic Open A 2013"]
[Site "Al-Ain UAE"]
[Date "2013.12.28"]
[Round "9.12"]
[White "Hayrapetyan, Hovik"]
[Black "Ghaem Maghami, Ehsan"]
[Result "1-0"]
[WhiteTitle "GM"]
[BlackTitle "GM"]
[WhiteElo "2458"]
[BlackElo "2560"]
[WhiteFideId "13302639"]
[BlackFideId "12500739"]
[EventDate "2013.12.19"]

1. d4 Nf6 2. Nf3 d5 3. c4 e6 4. Nc3 dxc4 5. e3 a6 6. Bxc4 b5 7. Bd3 Bb7 8. O-O
Nbd7 9. Qe2 c5 10. Rd1 Qb8 11. dxc5 Nxc5 12. Bc2 Be7 13. b4 Ncd7 14. a3 O-O 15.
Bb2 Nb6 16. Bb3 Rc8 17. e4 Ne8 18. Qe3 Nc4 19. Bxc4 Rxc4 20. Rd7 Rc7 21. Rxc7
Qxc7 22. Rc1 Qb8 23. e5 Nc7 24. Nd4 Qd8 25. Ne4 Nd5 26. Qg3 Rc8 27. Nc5 Bxc5 28.
bxc5 Ne7 29. h4 Qd5 30. Qf3 Qxf3 31. gxf3 Ng6 32. c6 Ba8 33. Rc5 Nxh4 34. Bc3
Ng6 35. Ba5 Nf4 36. c7 Nd5 37. Nc2 Kf8 38. Nd4 Ne7 39. Kg2 Ke8 40. Kg3 Kd7 41.
Rc1 Bd5 42. Rc5 Ng6 43. f4 Ne7 44. Kg4 h6 45. Nc2 f5+ 46. exf6 gxf6 47. Ne3 Be4
48. Rc1 Rg8+ 49. Kh5 Nc6 50. Bb6 Kc8 51. a4 Rh8 52. f5 Kb7 53. a5 exf5 54. f4
Ne7 55. Bd4 Rc8 56. Bxf6 Nc6 57. Rc5 Rxc7 58. Nxf5 Bxf5 59. Rxf5 Nxa5 60. Bd8
Nc6 61. Bxc7 Kxc7 62. Rf7+ Kb6 63. f5 b4 64. f6 b3 65. Re7 a5 66. Re3 a4 67. f7
b2 68. Re1 1-0

[Event "Al-Ain Classic Open A 2013"]
[Site "Al-Ain UAE"]
[Date "2013.12.28"]
[Round "9.14"]
[White "Kveinys, Aloyzas"]
[Black "Pourramezanali, Amirreza"]
[Result "1-0"]
[WhiteTitle "GM"]
[BlackTitle "FM"]
[WhiteElo "2534"]
[BlackElo "2458"]
[WhiteFideId "12800040"]
[BlackFideId "12511412"]
[EventDate "2013.12.19"]

1. d4 Nf6 2. Nf3 c5 3. d5 b5 4. Bg5 Ne4 5. Bh4 d6 6. Nfd2 Nxd2 7. Nxd2 Nd7 8. e4
Rb8 9. a4 a6 10. axb5 axb5 11. Qf3 h6 12. Bg3 g5 13. Qc3 Rg8 14. Be2 Bg7 15. Qa3
c4 16. c3 Qb6 17. O-O Bf6 18. Qb4 Kf8 19. Ra5 Qc5 20. Qxc5 Nxc5 21. Bxc4 bxc4
22. Rxc5 Kg7 23. e5 dxe5 24. Nxc4 Ba6 25. Rb1 Bxc4 26. Rxc4 Rb5 27. Re4 Rxd5 28.
Kf1 Kg6 29. f3 Bg7 30. c4 Rd4 31. Bf2 Rd2 32. Re3 Rd4 33. Rc3 Rd7 34. Rc2 Rb8
35. b4 f5 36. b5 Rdb7 37. b6 Rc8 38. c5 Rc6 39. Ra2 e6 40. Ra7 Rb8 41. b7 e4 42.
fxe4 Be5 43. exf5+ exf5 44. Ra8 Kf7 45. Rxb8 Bxb8 46. Ra1 Rc7 47. c6 Rxc6 48.
Ra8 Rc1+ 49. Ke2 Bd6 50. b8=Q Bxb8 51. Rxb8 Rc2+ 52. Ke1 f4 53. Rb6 Kg7 54. Bd4+
Kh7 55. Be5 Rc5 56. Bd6 Rc1+ 57. Kf2 Rc2+ 58. Kf3 Rc3+ 59. Kg4 Rc2 60. Kf5 Rxg2
61. Be5 Re2 62. Rb8 1-0

[Event "Al-Ain Classic Open A 2013"]
[Site "Al-Ain UAE"]
[Date "2013.12.28"]
[Round "9.15"]
[White "Rasulov, Vugar"]
[Black "Khatanbaatar, Bazar"]
[Result "1-0"]
[WhiteTitle "GM"]
[BlackTitle "GM"]
[WhiteElo "2529"]
[BlackElo "2329"]
[WhiteFideId "13402390"]
[BlackFideId "4900332"]
[EventDate "2013.12.19"]

1. e4 c5 2. Nf3 Nc6 3. d4 cxd4 4. Nxd4 Qc7 5. Nc3 e6 6. Be3 a6 7. Qd2 Nf6 8.
O-O-O Be7 9. f3 b5 10. g4 Nxd4 11. Bxd4 Bb7 12. Kb1 Rc8 13. Bd3 O-O 14. g5 Nh5
15. Ne2 e5 16. Be3 Bc5 17. Ng3 Bxe3 18. Qxe3 Nf4 19. Nf5 d5 20. h4 Rfd8 21. Rd2
b4 22. h5 a5 23. b3 a4 24. bxa4 d4 25. Qg1 Qc3 26. Qh2 Ra8 27. g6 Rxa4 28. gxf7+
Kxf7 29. Qh4 Rd7 30. Rg1 Ne6 31. Rdg2 b3 32. Rxg7+ Nxg7 33. Rxg7+ Ke8 34. Re7+
Kd8 35. Rxd7+ Kxd7 36. Qe7+ Kc6 37. Qd6# 1-0

[Event "Al-Ain Classic Open A 2013"]
[Site "Al-Ain UAE"]
[Date "2013.12.28"]
[Round "9.16"]
[White "Arab, Adlane"]
[Black "Batchuluun, Tsegmed"]
[Result "0-1"]
[WhiteTitle "IM"]
[BlackTitle "GM"]
[WhiteElo "2433"]
[BlackElo "2528"]
[WhiteFideId "7900872"]
[BlackFideId "4900847"]
[EventDate "2013.12.19"]

1. d4 d5 2. c4 c6 3. Nf3 Nf6 4. e3 Bf5 5. Nc3 e6 6. Nh4 Be4 7. f3 Bg6 8. Qb3 Qc7
9. Bd2 Be7 10. g3 Nbd7 11. cxd5 exd5 12. Rc1 Nb6 13. Nxg6 hxg6 14. Kf2 a5 15.
Kg2 O-O 16. Be2 a4 17. Qc2 Rfe8 18. a3 Qd7 19. Rcd1 Bf8 20. Bc1 Qe6 21. Rhe1 g5
22. e4 g4 23. e5 gxf3+ 24. Bxf3 Nh7 25. Ne2 Qd7 26. h3 Be7 27. Bg4 Qc7 28. Rf1
Bg5 29. e6 fxe6 30. Bxg5 Nxg5 31. Qg6 Qe7 32. h4 Ne4 33. Rf3 Nd7 34. Rdf1 Ndf6
35. Nf4 Qf7 36. Qxf7+ Kxf7 37. Bh5+ Nxh5 38. Nxh5+ Kg6 39. Nf4+ Kh6 40. Re1 e5
41. dxe5 Rxe5 42. g4 Rf8 43. Rff1 g6 44. Rf3 Ree8 45. g5+ Kg7 46. Rff1 Nd2 47.
Rxe8 Rxe8 48. Rf2 Ne4 49. Re2 Rh8 50. h5 gxh5 51. g6 Kf6 52. Kf3 h4 53. Kg4 h3
54. Rh2 Rh6 55. Kf3 Rh4 56. Ke3 0-1

[Event "Al-Ain Classic Open A 2013"]
[Site "Al-Ain UAE"]
[Date "2013.12.28"]
[Round "9.17"]
[White "Shyam, Sundar M."]
[Black "Erdogdu, Mert"]
[Result "1/2-1/2"]
[WhiteTitle "GM"]
[BlackTitle "IM"]
[WhiteElo "2534"]
[BlackElo "2426"]
[WhiteFideId "5019141"]
[BlackFideId "6301495"]
[EventDate "2013.12.19"]

1. c4 Nf6 2. Nc3 d5 3. cxd5 Nxd5 4. g3 g6 5. Bg2 Nb6 6. d3 Bg7 7. Be3 Nc6 8. Rc1
Nd4 9. Qd2 h6 10. Nf3 Nf5 11. Bc5 O-O 12. e4 Nd6 13. O-O c6 14. Qe2 Bg4 15. d4
Qd7 16. Rfd1 Rfd8 17. Qf1 Qe8 18. h3 Bxf3 19. Bxf3 e6 20. a4 Nbc8 21. g4 Qd7 22.
e5 Ne8 23. Be4 Ne7 24. f4 f5 25. Bf3 Nd5 26. Nxd5 cxd5 27. b3 Rdc8 28. Be2 Qf7
29. gxf5 gxf5 30. Qg2 Kh7 31. Kh2 Rc7 32. Bb4 Rac8 33. Rxc7 Rxc7 34. Bf3 Bf8 35.
Be1 Ng7 36. Qe2 Qe8 37. h4 h5 38. Kh3 Be7 39. Rd3 Kh6 40. Rc3 Rxc3 41. Bxc3 Qc6 1/2-1/2

[Event "Al-Ain Classic Open A 2013"]
[Site "Al-Ain UAE"]
[Date "2013.12.28"]
[Round "9.18"]
[White "Rzayev, Bahruz"]
[Black "Sharbaf, Mohsen"]
[Result "1/2-1/2"]
[WhiteTitle "IM"]
[BlackTitle "IM"]
[WhiteElo "2465"]
[BlackElo "2424"]
[WhiteFideId "13403036"]
[BlackFideId "12501808"]
[EventDate "2013.12.19"]

1. c4 e5 2. g3 Nc6 3. Bg2 f5 4. Nc3 Nf6 5. e3 Bb4 6. Nge2 O-O 7. O-O Bxc3 8.
Nxc3 d6 9. d3 Be6 10. Nd5 Qd7 11. Rb1 a5 12. b3 Bxd5 13. cxd5 Nb4 14. e4 Nxa2
15. Bd2 Nb4 16. Bxb4 axb4 17. Bh3 Ng4 18. Qd2 Qb5 19. Rbc1 c5 20. dxc6 bxc6 21.
exf5 Nf6 22. Bg2 Rac8 23. f4 Rfe8 24. Rc4 Nd5 25. fxe5 Rxe5 26. d4 Re7 27. Qg5
Nf6 28. Rfc1 d5 29. Rc5 Qd3 30. Bxd5+ Nxd5 31. Rxd5 Rce8 32. Rd8 Rxd8 33. Qxe7
Qxd4+ 34. Kh1 h6 35. Qe6+ Kh7 36. Qxc6 Rd6 37. Qc2 Qd5+ 38. Kg1 Rf6 39. Rd1 Qf3
40. Qd3 Rxf5 41. Rd2 h5 42. h4 Kh6 43. Kh2 Rf6 44. Qd8 Kh7 45. Qd3+ g6 46. Qc4
Qe3 47. Qc7+ Kh6 48. Qd8 Rf2+ 1/2-1/2

[Event "Al-Ain Classic Open A 2013"]
[Site "Al-Ain UAE"]
[Date "2013.12.28"]
[Round "9.20"]
[White "Gagare, Shardul"]
[Black "Karavade, Eesha"]
[Result "0-1"]
[WhiteTitle "IM"]
[BlackTitle "IM"]
[WhiteElo "2442"]
[BlackElo "2380"]
[WhiteFideId "5037883"]
[BlackFideId "5012600"]
[EventDate "2013.12.19"]

1. c4 e6 2. g3 Nf6 3. Bg2 d5 4. Nf3 Be7 5. O-O O-O 6. b3 c5 7. Bb2 Nc6 8. e3 a6
9. Qe2 b5 10. cxd5 Nxd5 11. Nc3 Bb7 12. Rfd1 Bf6 13. Rac1 Rc8 14. Ne1 Nde7 15.
f4 Nf5 16. Nd3 Qb6 17. Nf2 Nb4 18. Ng4 Be7 19. a3 Bxg2 20. Kxg2 Nc6 21. Ne4 f6
22. Kg1 Na5 23. b4 cxb4 24. Rxc8 Rxc8 25. axb4 Nc4 26. Bc3 Qc6 27. Ngf2 a5 28.
bxa5 b4 29. Ba1 Nxa5 30. Qg4 Kh8 31. Qh5 Nb3 32. g4 Nd6 33. Nxd6 Bxd6 34. g5
Nxa1 35. Rxa1 fxg5 36. Qxg5 b3 37. Ra7 Bf8 38. Qe5 Qc1+ 39. Kg2 b2 40. Rb7 b1=Q
41. Rxb1 Qxb1 42. Ne4 Re8 43. h4 Qb7 44. d3 Qd5 45. Qc3 Rd8 0-1

[Event "Al-Ain Classic Open A 2013"]
[Site "Al-Ain UAE"]
[Date "2013.12.28"]
[Round "9.24"]
[White "Salih, Akar Ali Salih"]
[Black "Kanter, Eduard"]
[Result "0-1"]
[WhiteTitle "FM"]
[BlackTitle "IM"]
[WhiteElo "2313"]
[BlackElo "2406"]
[WhiteFideId "4800575"]
[BlackFideId "4103963"]
[EventDate "2013.12.19"]

1. e4 c5 2. Nf3 d6 3. d4 cxd4 4. Nxd4 Nf6 5. Nc3 g6 6. Be3 Bg7 7. f3 O-O 8. Qd2
Nc6 9. Bc4 Bd7 10. O-O-O Ne5 11. Bb3 Rc8 12. Kb1 Re8 13. h4 h5 14. g4 hxg4 15.
h5 Nxh5 16. Bh6 Bf6 17. Nd5 Rc5 18. Nxf6+ exf6 19. Rdg1 d5 20. fxg4 Bxg4 21. Bf4
Bf3 22. Rh3 dxe4 23. Bxe5 Rcxe5 24. Qh6 Rd5 25. a3 Ree5 26. Nxf3 exf3 27. Rxf3
Rd1+ 28. Rxd1 Qxd1+ 29. Ka2 Qxf3 30. Qxg6+ Ng7 31. Qxf7+ Kh7 32. Qg8+ Kh6 33.
Bf7 Qe4 34. Qh8+ Qh7 35. Qd8 Nh5 36. Bxh5 Kxh5 37. Qxf6 Re7 0-1

[Event "Al-Ain Classic Open A 2013"]
[Site "Al-Ain UAE"]
[Date "2013.12.28"]
[Round "9.25"]
[White "Elarbi, Abobker"]
[Black "Nezad, Husein Aziz"]
[Result "1-0"]
[WhiteTitle "FM"]
[BlackTitle "IM"]
[WhiteElo "2295"]
[BlackElo "2400"]
[WhiteFideId "9200355"]
[BlackFideId "12100293"]
[EventDate "2013.12.19"]

1. d4 d5 2. c4 e6 3. Nf3 Nf6 4. e3 c5 5. cxd5 exd5 6. dxc5 Bxc5 7. Nc3 O-O 8.
Be2 Nc6 9. O-O a6 10. a3 Ba7 11. b4 Qd6 12. b5 Ne5 13. Bb2 Rd8 14. Nxe5 Qxe5 15.
Bf3 Be6 16. Na4 Qg5 17. bxa6 bxa6 18. Bd4 h5 19. Bxa7 Rxa7 20. Qd4 Raa8 21. h4
Qg6 22. Nc5 Bf5 23. Rfd1 a5 24. Nd3 Be4 25. Nf4 Qf5 26. Bxe4 Nxe4 27. f3 Nf6 28.
Rac1 Rab8 29. Rc5 Rb3 30. Rxa5 Qc2 31. Rc5 Qf5 32. a4 Rb1 33. Rxb1 Qxb1+ 34. Kh2
Qa2 35. e4 Rb8 36. e5 Nd7 37. Rxd5 Nf8 38. Rd8 Rxd8 39. Qxd8 Qxa4 40. Nxh5 Kh7
41. Qg5 Ne6 42. Qf5+ Kg8 43. Kg3 Qb4 44. Qe4 Qxe4 45. fxe4 Nc5 46. Kf3 Nd3 47.
e6 fxe6 48. Ke3 Ne5 49. Nf4 Kf7 50. Nd3 Nc4+ 51. Kf4 Kf6 52. e5+ Kf7 53. Nc5 Nb6
54. Ne4 Nd5+ 55. Kf3 Nb4 56. Ng5+ Ke7 57. Ke4 Nc6 58. Nh3 Na5 59. Nf4 Nc4 60. h5
Kf7 61. Ng6 Nd2+ 62. Kf4 Nb3 63. g4 Nd4 64. Ke3 Nc6 65. Ke4 Na5 66. Nh4 Nb3 67.
Nf3 Nc5+ 68. Kd4 Nb3+ 69. Kc4 Na5+ 70. Kb4 Nb7 71. Kb5 Nd8 72. g5 g6 73. Nh4
gxh5 74. g6+ 1-0

[Event "Al-Ain Classic Open A 2013"]
[Site "Al-Ain UAE"]
[Date "2013.12.28"]
[Round "9.27"]
[White "Hesham, Abdelrahman"]
[Black "Kulkarni, Bhakti"]
[Result "1-0"]
[WhiteTitle "IM"]
[BlackTitle "CM"]
[WhiteElo "2374"]
[BlackElo "2267"]
[WhiteFideId "10600183"]
[BlackFideId "5019516"]
[EventDate "2013.12.19"]

1. d4 f5 2. Nf3 Nf6 3. c4 e6 4. g3 d5 5. Bg2 c6 6. O-O Bd6 7. b3 Qe7 8. Bb2 O-O
9. Qc1 b5 10. Na3 bxc4 11. bxc4 Ba6 12. Nd2 Nbd7 13. Nc2 Rab8 14. Re1 Ne4 15.
Nxe4 fxe4 16. cxd5 cxd5 17. Ba3 Rfc8 18. Bxd6 Qxd6 19. Qd1 Rb2 20. Ne3 Nb6 21.
Bh3 Nc4 22. Ng2 Rd2 23. Qa4 g5 24. f4 h6 25. e3 Nb2 26. Qb3 Nd3 27. Rf1 Rcc2 28.
fxg5 Nf2 29. Rxf2 Rxf2 30. gxh6 Kh7 31. Nf4 Kxh6 32. Qa4 Rxh2 33. Qe8 Kh7 34.
Qf7+ 1-0

[Event "Al-Ain Classic Open A 2013"]
[Site "Al-Ain UAE"]
[Date "2013.12.28"]
[Round "9.28"]
[White "Abdulov, Orkhan"]
[Black "Seddaoui, Yamine"]
[Result "1/2-1/2"]
[WhiteTitle "IM"]
[WhiteElo "2356"]
[BlackElo "2051"]
[WhiteFideId "13402714"]
[BlackFideId "7902026"]
[EventDate "2013.12.19"]

1. e4 e5 2. Nf3 Nc6 3. Bb5 a6 4. Ba4 Nf6 5. O-O Nxe4 6. d4 b5 7. Bb3 d5 8. dxe5
Be6 9. Nbd2 Nc5 10. c3 Be7 11. Bc2 Bg4 12. h3 Bh5 13. Qe1 Ne6 14. Nh2 Bg5 15.
Nb3 Bf4 16. g3 Bxc1 17. Rxc1 g5 18. f4 gxf4 19. gxf4 Nxf4 20. Rxf4 Qg5+ 21. Rg4
Bxg4 22. hxg4 h5 23. e6 f6 24. Qg3 Ne5 25. Rf1 hxg4 26. Nd4 O-O-O 27. Bf5 Kb7
28. e7 Rde8 29. Ne6 Qh4 30. Qxh4 Rxh4 31. Rf4 Rxe7 32. Nxg4 Nxg4 33. Rxg4 Rxg4+
34. Bxg4 Kc6 35. Kf2 Kd6 36. Nd4 Rh7 37. Kg2 c5 38. Ne2 Ke5 39. Bc8 d4 40. Kf3
Rh2 41. cxd4+ cxd4 42. Nf4 a5 43. a3 Rd2 44. Ba6 Kd6 45. Bxb5 Rxb2 46. a4 Rxb5
47. axb5 a4 48. Ne2 Kc5 49. Ke4 Kxb5 50. Kd3 a3 51. Nxd4+ Kc5 52. Kc3 a2 53.
Nb3+ Kd5 54. Kb2 f5 55. Kxa2 f4 56. Nd2 Kd4 57. Kb3 Ke3 58. Kc3 1/2-1/2